[Event "Cellavision Cup 2019"]
[Site "Lund"]
[Date "2019.08.04"]
[Round "8.15"]
[White "Ollen, Martin"]
[Black "Akesson, Ralf"]
[Result "0-1"]
[WhiteElo "2096"]
[BlackElo "2348"]
[Annotator "NA"]
[PlyCount "92"]
[EventDate "2019.08.02"]
[EventType "swiss"]
[EventCountry "SWE"]
[SourceTitle "playchess.com"]
[Source "ChessBase"]
[SourceQuality "1"]
[TimeControl "5400+30"]

1. e4 {[%emt 0:01:45]} c6 {[%emt 0:00:00]} 2. d4 {[%emt 0:00:13]} d5 {[%emt 0:00:04]} 3. exd5 {[%emt 0:00:08]} cxd5 {[%emt 0:00:08]} 4. Bd3 {[%emt 0:00:07]} Nc6 {[%emt 0:00:26]} 5. c3 {[%emt 0:00:13]} Nf6 {[%emt 0:00:34]} 6. Bf4 {[%emt 0:05:17]} Bg4 {[%emt 0:00:22]} 7. Qb3 {[%emt 0:03:01]} Qc8 {[%emt 0:00:26]} 8. Nd2 {[%emt 0:00:20]} Bh5 {[%emt 0:01:06]} 9. Ngf3 {[%emt 0:01:11]} Bg6 {[%emt 0:00:31]} 10. Bxg6 {[%emt 0:00:55]} hxg6 {[%emt 0:00:09]} 11. O-O {[%emt 0:01:21]} e6 {[%emt 0:00:25]} 12. Rfe1 $11 {[%emt 0:00:44]} Be7 {[%emt 0:00:57]} 13. Ne5 {[%emt 0:00:40]} O-O {[%emt 0:07:11]} 14. Ndf3 {[%emt 0:03:36]} Ne4 {[%emt 0:02:19]} 15. Rad1 {[%emt 0:01:55]} Rd8 {[%emt 0:04:24]} 16. Re2 {[%emt 0:03:17]} Bd6 {[%emt 0:07:06]} 17. Rde1 {[%emt 0:04:55]} Qc7 {[%emt 0:01:49]} 18. Bg3 {[%emt 0:00:26]} Rab8 {[%emt 0:04:25]} 19. Qc2 {[%emt 0:03:40]} b5 {[%emt 0:05:04]} 20. Nxc6 {[%emt 0:02:18]} Qxc6 {[%emt 0:00:09]} 21. Bxd6 {[%emt 0:00:51]} Qxd6 {[%emt 0:02:38]} 22. a3 {[%emt 0:01:12]} a5 {[%emt 0:03:28]} 23. Ne5 {[%emt 0:02:31]} Rdc8 {[%emt 0:07:42]} 24. Re3 {[%emt 0:02:22]} Rc7 {[%emt 0:08:06]} 25. f3 {[%emt 0:11:58]} Nf6 {[%emt 0:01:07]} 26. Qf2 {[%emt 0:05:03]} b4 {[%emt 0:02:48]} 27. axb4 {[%emt 0:00:20]} axb4 {[%emt 0:00:07]} 28. Ra1 {[%emt 0:15:54]} bxc3 {[%emt 0:00:50]} 29. bxc3 {[%emt 0:02:17]} Ne8 {[%emt 0:04:42]} 30. Qe2 {[%emt 0:06:16]} Qd8 {[%emt 0:03:41]} 31. h3 {[%emt 0:03:15]} Nd6 {[%emt 0:01:30]} 32. Qa6 {[%emt 0:02:28]} Nf5 {[%emt 0:07:56]} 33. Rd3 {[%emt 0:04:35]} Rb2 {[%emt 0:02:13]} 34. f4 {[%emt 0:06:04]} Qh4 {[%emt 0:08:42]} 35. Ng4 {[%emt 0:01:38]} Ng3 {[%emt 0:03:54]} 36. Re3 {[%emt 0:00:47]} Ne4 {[%emt 0:00:47]} 37. Rc1 {[%emt 0:01:07]} Nf2 {[%emt 0:01:12]} 38. Qf1 {[%emt 0:02:46]} Nxg4 {[%emt 0:00:48]} 39. hxg4 {[%emt 0:00:09]} Qxg4 {[%emt 0:00:14]} 40. Ra1 {[%emt 0:00:36]} Rc8 {[%emt 0:00:43]} 41. Qf3 {[%emt 0:01:15]} Qf5 {[%emt 0:00:37]} 42. Rd3 {[%emt 0:00:42]} Rcb8 {[%emt 0:00:27]} 43. Re1 {[%emt 0:00:42]} Rc2 {[%emt 0:00:42]} 44. g4 {[%emt 0:00:28]} Qf6 {[%emt 0:00:07]} 45. g5 {[%emt 0:00:41]} Qf5 {[%emt 0:02:37]} 46. Re5 {[%emt 0:00:05]} Qxd3 {[%emt 0:00:39]} 0-1

[Event "Cellavision Cup 2019"]
[Site "Lund"]
[Date "2019.08.04"]
[Round "8.16"]
[White "Ernst, Thomas"]
[Black "Olofsson-Dolk, Mattis"]
[Result "1/2-1/2"]
[WhiteElo "2335"]
[BlackElo "2191"]
[Annotator "NA"]
[PlyCount "155"]
[EventDate "2019.08.02"]
[EventType "swiss"]
[EventCountry "SWE"]
[SourceTitle "playchess.com"]
[Source "ChessBase"]
[SourceQuality "1"]
[TimeControl "5400+30"]

1. d4 {[%emt 0:00:00]} Nf6 {[%emt 0:01:20]} 2. c4 {[%emt 0:00:00]} g6 {[%emt 0:00:06]} 3. Nc3 {[%emt 0:00:00]} d5 {[%emt 0:00:07]} 4. cxd5 {[%emt 0:00:00]} Nxd5 {[%emt 0:00:08]} 5. e4 {[%emt 0:00:08]} Nxc3 {[%emt 0:00:10]} 6. bxc3 {[%emt 0:00:05]} Bg7 {[%emt 0:00:13]} 7. Bg5 {[%emt 0:00:55]} c5 {[%emt 0:05:16]} 8. Rc1 {[%emt 0:00:21]} O-O {[%emt 0:02:32]} 9. Nf3 {[%emt 0:01:29]} cxd4 {[%emt 0:03:56]} 10. cxd4 {[%emt 0:00:18]} Bg4 $14 {[%emt 0:00:28]} 11. d5 {[%emt 0:00:53]} h6 {[%emt 0:04:10]} 12. Be3 {[%emt 0:02:43]} Nd7 {[%emt 0:03:40]} 13. h3 {[%emt 0:10:35]} Bxf3 {[%emt 0:01:13]} 14. gxf3 {[%emt 0:00:06]} Rc8 {[%emt 0:01:36]} 15. Rxc8 {[%emt 0:01:01]} Qxc8 {[%emt 0:00:09]} 16. Be2 {[%emt 0:01:10]} Qc3+ {[%emt 0:04:31]} 17. Kf1 {[%emt 0:00:13]} Rc8 {[%emt 0:03:11]} 18. Kg2 {[%emt 0:15:24]} Nb6 {[%emt 0:08:13]} 19. Qb3 {[%emt 0:11:31]} Qxb3 {[%emt 0:04:15]} 20. axb3 {[%emt 0:00:06]} Rc2 {[%emt 0:00:20]} 21. Bd1 {[%emt 0:01:02]} Rb2 {[%emt 0:04:10]} 22. Re1 {[%emt 0:02:27]} Nc8 {[%emt 0:06:45]} 23. Re2 {[%emt 0:00:52]} Rxe2 {[%emt 0:03:02]} 24. Bxe2 {[%emt 0:00:06]} e5 {[%emt 0:00:32]} 25. f4 {[%emt 0:02:05]} f6 {[%emt 0:00:25]} 26. fxe5 {[%emt 0:00:41]} fxe5 {[%emt 0:00:09]} 27. f4 {[%emt 0:00:24]} Nd6 {[%emt 0:04:30]} 28. fxe5 {[%emt 0:01:41]} Bxe5 {[%emt 0:00:02]} 29. Kf3 {[%emt 0:01:07]} g5 {[%emt 0:02:49]} 30. Bxa7 {[%emt 0:01:05]} Kf7 {[%emt 0:01:14]} 31. Ke3 {[%emt 0:01:06]} Kf6 {[%emt 0:00:54]} 32. Bh5 {[%emt 0:01:42]} Bf4+ {[%emt 0:04:49]} 33. Kd3 {[%emt 0:00:37]} Be5 {[%emt 0:00:05]} 34. Bd4 {[%emt 0:04:45]} Nb5 {[%emt 0:00:42]} 35. Bc5 {[%emt 0:00:23]} Nd6 {[%emt 0:00:11]} 36. b4 {[%emt 0:02:33]} Bf4 {[%emt 0:03:35]} 37. Bg4 {[%emt 0:00:53]} Be5 {[%emt 0:00:13]} 38. Be2 {[%emt 0:02:46]} Bf4 {[%emt 0:00:21]} 39. Bd4+ {[%emt 0:00:26]} Be5 {[%emt 0:00:06]} 40. Ke3 {[%emt 0:00:34]} Nf7 {[%emt 0:01:22]} 41. b5 {[%emt 0:00:26]} Nd6 {[%emt 0:03:43]} 42. b6 {[%emt 0:00:17]} Nc8 {[%emt 0:01:27]} 43. Bg4 {[%emt 0:02:10]} Nd6 {[%emt 0:00:08]} 44. Kd3 {[%emt 0:00:43]} Nf7 {[%emt 0:00:46]} 45. Bh5 {[%emt 0:01:57]} Nd6 {[%emt 0:00:08]} 46. Bf3 {[%emt 0:00:43]} Nb5 {[%emt 0:01:31]} 47. Bc5 {[%emt 0:01:17]} Nd6 {[%emt 0:00:09]} 48. Bg4 {[%emt 0:00:28]} Bf4 {[%emt 0:00:55]} 49. Bxd6 {[%emt 0:03:13]} Bxd6 {[%emt 0:00:05]} 50. Kd4 {[%emt 0:00:15]} Bh2 {[%emt 0:01:02]} 51. Kc5 {[%emt 0:00:10]} Ke5 {[%emt 0:00:15]} 52. Bc8 {[%emt 0:00:24]} Kxe4 {[%emt 0:02:11]} 53. Bxb7 {[%emt 0:00:09]} Ke5 {[%emt 0:00:14]} 54. Kc6 {[%emt 0:03:47]} Bg1 {[%emt 0:03:12]} 55. Ba8 {[%emt 0:00:36]} Bxb6 {[%emt 0:04:42]} 56. Kxb6 {[%emt 0:00:07]} Kd6 {[%emt 0:00:08]} 57. Kb5 {[%emt 0:00:39]} h5 {[%emt 0:00:04]} 58. Kc4 {[%emt 0:00:25]} g4 {[%emt 0:00:07]} 59. hxg4 {[%emt 0:00:09]} h4 {[%emt 0:00:05]} 60. g5 {[%emt 0:00:18]} h3 {[%emt 0:00:05]} 61. g6 {[%emt 0:00:20]} h2 {[%emt 0:00:05]} 62. g7 {[%emt 0:00:08]} h1=Q {[%emt 0:00:08]} 63. g8=Q {[%emt 0:00:09]} Qe4+ {[%emt 0:00:21]} 64. Kb5 {[%emt 0:03:15]} Qd3+ {[%emt 0:01:42]} 65. Kb6 {[%emt 0:00:37]} Qe3+ {[%emt 0:05:32]} 66. Ka6 {[%emt 0:00:30]} Qe2+ {[%emt 0:00:26]} 67. Ka7 {[%emt 0:00:38]} Qe3+ {[%emt 0:00:28]} 68. Kb8 {[%emt 0:01:44]} Qb6+ {[%emt 0:00:08]} 69. Bb7 {[%emt 0:00:09]} Qc7+ {[%emt 0:00:10]} 70. Ka7 {[%emt 0:00:38]} Qc5+ {[%emt 0:01:44]} 71. Ka6 {[%emt 0:00:35]} Qa3+ {[%emt 0:00:10]} 72. Kb5 {[%emt 0:01:37]} Qb3+ {[%emt 0:00:08]} 73. Ka5 {[%emt 0:00:17]} Qa3+ {[%emt 0:00:04]} 74. Kb6 {[%emt 0:00:44]} Qb4+ {[%emt 0:00:06]} 75. Ka7 {[%emt 0:00:13]} Qc5+ {[%emt 0:00:04]} 76. Ka8 {[%emt 0:01:01]} Qa5+ {[%emt 0:00:07]} 77. Kb8 {[%emt 0:00:07]} Qc7+ {[%emt 0:00:07]} 78. Ka7 {[%emt 0:00:11]} 1/2-1/2